Normal view
MARC view
- تنفيذ الاحكام -- سوريا -- التنفيذ الجبري -- قوانين وتشريعات -- سوريا
Entry Topical Term
001 - CONTROL NUMBER
- control field: 42680
003 - CONTROL NUMBER IDENTIFIER
- control field: JO-AjAnu
005 - DATE AND TIME OF LATEST TRANSACTION
- control field: 20230606081059.0
008 - FIXED-LENGTH DATA ELEMENTS
- fixed length control field: 230606|| aca||aabn | a|a d
040 ## - CATALOGING SOURCE
- Original cataloging agency: JO-AjAnu
- Transcribing agency: JO-AjAnu
150 ## - HEADING--TOPICAL TERM
- Topical term or geographic name entry element: تنفيذ الاحكام -- سوريا -- التنفيذ الجبري -- قوانين وتشريعات -- سوريا
670 ## - SOURCE DATA FOUND
- Source citation: Work cat.: (JO-AjAnu)21861: حيدر ، نصرة منلا, author 42679, طرق التنفيذ الجبري واجراءات التوزيع